El carro de las manzanas. santa juana /
Guardado en:
| Autor Principal: | |
|---|---|
| Formato: | Libro |
| Publicado: |
Buenos Aires :
Sudamericana,
1955
|
| Materias: | |
| Etiquetas: |
Agregar Etiqueta
Sin Etiquetas, Sea el primero en etiquetar este registro!
|
| LEADER | 00509nam a22001695a 4500 | ||
|---|---|---|---|
| 001 | EHU.bham008521 | ||
| 003 | AR-BHAM | ||
| 005 | 20071227143114.0 | ||
| 008 | 130507s1955##################000#0#####d | ||
| 082 | 8 | 2 | |a 822.9 |
| 100 | 1 | |a Shaw, Bernard | |
| 245 | 1 | 0 | |a El carro de las manzanas. santa juana / |c Bernard Shaw. |
| 260 | |a Buenos Aires : |b Sudamericana, |c 1955 | ||
| 300 | |a 369 p. | ||
| 500 | |a Trad. De Floreal Mazia | ||
| 653 | |a Teatro ingles-1901- | ||
| 859 | |a AR-BHAM |b BIB. HUMANIDADES - General |h 822.9 |i Sh26-3 |p 317.91 |t Ej.1 | ||
